Libro rojo de briófitas de Colombia (Registro nro. 2900)

Detalles MARC
000 -CABECERA
Campo de control 00468nam a2200169 a 4500
005 - FECHA Y HORA DE LA ULTIMA TRANSACCION
Campo de control 20140121151144.0
008 - ELEMENTOS DE LONGITUD FIJA—INFORMACION GENERAL
Campo de control 140121b2002 ck ||||| |||| 00| 0 spa d
041 ## - IDIOMA
Código de idioma para texto/pista de sonido o título separado Español
044 ## - PAÍS DE PUBLICACIÓN
País de publicación Colombia
090 ## - CLASIFICACIÓN LOCAL
Colección IAvH
Consecutivo 00220
100 ## - ASIENTO PRINCIPAL--NOMBRE PERSONAL
Nombre personal Linares, Edgar L.
245 ## - MENCION DE TITULO
Título Libro rojo de briófitas de Colombia
260 ## - PUBLICACION, DISTRIBUCION, ETC. (PIE DE IMPRENTA)
Lugar de publicación, distribución, etc. Bogotá
Nombre del editor, distribuidor, etc. ICN
-- Minambiente
-- Universidad Nacional de Colombia
Fecha de publicación, distribución, etc. 2002
300 ## - DESCRIPCION FISICA
Extensión 170
700 ## - ASIENTO SECUNDARIO - NOMBRE PERSONAL
Nombre personal Uribe Meléndez, Jaime
942 ## - ELEMENTOS ADICIONALES (KOHA)
Tipo de ítem CD-ROM
Sistema de clasificación Local
Existencias
Withdrawn status Lost status Sistema de Clasificación Damaged status No para préstamo Colección Inventariado Ubicación Permanente Ubicación actual Fecha de adquisición Fuente de Valor Valor Total Checkouts Número topográfico Inventario / Código de Barras Date last seen Ejemplar Price effective from Forma de adquisición Tipo de material
    Local     Audiovisual   Bogotá Bogotá 20/11/2013       IAVH-00220 058937 20/11/2013 Ej. 4 20/11/2013   CD-ROM
    Local     Humboldt Inventariado 2017 Villa de Leyva Villa de Leyva 28/08/2002 Instituto 30000.00   IAVH-00220 004194 04/12/2012 Ej. 1 04/12/2012 Institucional Libro